Filmtörténetírás

A Filmtörténeti keretek című szöveggyűjteményben a hazai filmtudományos kutatás képviselőinek olyan írásait gyűjtöttük egybe, amelyek segítenek rálátni a filmtörténeti vizsgálatok aktuális irányaira és kérdéseire. A szöveggyűjteményt az Apertúra online folyóirat 2018 tavaszi számában közöltük (Filmt...

Teljes leírás

Elmentve itt :
Bibliográfiai részletek
Szerző: Török Ervin
További közreműködők: Füzi Izabella
Gerencsér Péetr
Dokumentumtípus: Vegyes gyűjtemény
Megjelent: 2019-06-17
Kulcsszavak:filmtudomány
filmtörténet
medialitás
multimédia
történettudomány
Tárgyszavak:
Online Access:http://eta.bibl.u-szeged.hu/2138
LEADER 03658npc a2200445 i 4500
001 eta2138
005 20231005145946.0
008 190628s2019 hu o 0|| hun d
040 |a SZTE Elektronikus Tananyag Archívum  |b hun 
041 |a hun 
100 1 |a Török Ervin 
245 1 0 |a Filmtörténetírás  |h [elektronikus dokumentum] /  |c  Török Ervin 
246 1 0 |a Film history  |h [elektronikus dokumentum] 
260 |c 2019-06-17 
520 3 |a A Filmtörténeti keretek című szöveggyűjteményben a hazai filmtudományos kutatás képviselőinek olyan írásait gyűjtöttük egybe, amelyek segítenek rálátni a filmtörténeti vizsgálatok aktuális irányaira és kérdéseire. A szöveggyűjteményt az Apertúra online folyóirat 2018 tavaszi számában közöltük (Filmtörténeti keretek címen). A Filmtörténetírás címen egybegyűjtött olvasóleckék az Apertúrában közreadott tanulmányokhoz kapcsolódnak, azokat hivatottak kontextualizálni és feldolgozni. Az olvasóleckék és a szöveggyűjtemény közös célja, hogy segítse az MA-s hallgatókat áttekinteni a kortárs filmtörténeti vizsgálatok néhány kérdését; betekintést nyerni az aktuális kutatások témáiba és irányaiba; valamint ezek között közvetíteni. 
650 4 |a Bölcsészettudományok 
650 4 |a Művészetek (művészetek, művészettörténet, előadóművészetek, zene) 
650 4 |a Film, rádió és televíziótanulmányok 
650 4 |a Vizuális művészetek, előadóművészetek, dizájn 
695 |a filmtudomány 
695 |a filmtörténet 
695 |a medialitás 
695 |a multimédia 
695 |a történettudomány 
700 0 1 |a Füzi Izabella 
700 0 1 |a Gerencsér Péetr 
856 4 0 |u https://eta.bibl.u-szeged.hu/2138/1/EFOP343_16201600014_Filmtortenetiras_1_Torok_Ervin_20190617.pdf  |z Dokumentum-elérés  
856 4 0 |u https://eta.bibl.u-szeged.hu/2138/2/EFOP343_16201600014_Filmtortenetiras_2_Torok_Ervin_20190617.pdf  |z Dokumentum-elérés  
856 4 0 |u https://eta.bibl.u-szeged.hu/2138/3/EFOP343_16201600014_Filmtortenetiras_3_Torok_Ervin_20190617.pdf  |z Dokumentum-elérés  
856 4 0 |u https://eta.bibl.u-szeged.hu/2138/4/EFOP343_16201600014_Filmtortenetiras_4_Torok_Ervin_20190617.pdf  |z Dokumentum-elérés  
856 4 0 |u https://eta.bibl.u-szeged.hu/2138/5/EFOP343_16201600014_Filmtortenetiras_5_Torok_Ervin_20190617.pdf  |z Dokumentum-elérés  
856 4 0 |u https://eta.bibl.u-szeged.hu/2138/6/EFOP343_16201600014_Filmtortenetiras_6_Torok_Ervin_20190617.pdf  |z Dokumentum-elérés  
856 4 0 |u https://eta.bibl.u-szeged.hu/2138/7/EFOP343_16201600014_Filmtortenetiras_7_Torok_Ervin_20190617.pdf  |z Dokumentum-elérés  
856 4 0 |u https://eta.bibl.u-szeged.hu/2138/8/EFOP343_16201600014_Filmtortenetiras_1_Torok_Ervin_20190617.docx  |z Dokumentum-elérés  
856 4 0 |u https://eta.bibl.u-szeged.hu/2138/9/EFOP343_16201600014_Filmtortenetiras_2_Torok_Ervin_20190617.docx  |z Dokumentum-elérés  
856 4 0 |u https://eta.bibl.u-szeged.hu/2138/10/EFOP343_16201600014_Filmtortenetiras_3_Torok_Ervin_20190617.docx  |z Dokumentum-elérés  
856 4 0 |u https://eta.bibl.u-szeged.hu/2138/11/EFOP343_16201600014_Filmtortenetiras_4_Torok_Ervin_20190617.docx  |z Dokumentum-elérés  
856 4 0 |u https://eta.bibl.u-szeged.hu/2138/12/EFOP343_16201600014_Filmtortenetiras_5_Torok_Ervin_20190617.docx  |z Dokumentum-elérés  
856 4 0 |u https://eta.bibl.u-szeged.hu/2138/13/EFOP343_16201600014_Filmtortenetiras_6_Torok_Ervin_20190617.docx  |z Dokumentum-elérés  
856 4 0 |u https://eta.bibl.u-szeged.hu/2138/14/EFOP343_16201600014_Filmtortenetiras_7_Torok_Ervin_20190617.docx  |z Dokumentum-elérés